000
00298nam a2200109Ia 4500
008
230907s9999||||xx |||||||||||||| ||und||
082
_a
158.1
_b
NEE
245
0
_a
Build your confidence with CBT :
260
_a
Open University Press,; McGraw-Hill,
_b
England :
_c
2016
300
_a
150 p.
942
_c
BK
999
_c
600909
_d
600909